000
00200 a2200097 4500
001
29405
100
_a
Classem
245
_a
Better business english
260
_a
_b
Arco Co
_c
090
_c
19618
_d
19618
942
_a
NUST-CAE
_c
M
_c
10689
999
_c
264478
_d
264478